Fill in the Blanks K-pop (Enhypen Ver.) - Statistics

General Stats
  • This quiz has been taken 624 times
  • The average score is 5 of 11
Answer Stats
Hint Answer % Correct
Can I ____ you? Can I hug you? kiss
97%
Just the ____ of us two
81%
This _____ pumpin' crazy blood
78%
Can't _____ my body, dance, dance, dance control
78%
Oh, ____ my hand take
56%
Feeling like on a _____ cloud
50%
I'll be okay, no _____, no _____ pain
22%
Don't ____ me test
20%
I got ______, ________ pushed
18%
______ through the question for life drive
12%
Just keep it ________, keep it _________ right now running
9%
No matching quizzes found
Score Distribution
Percent of People with Each Score
Percentile by Number Answered
Your Score History
You have not taken this quiz